| 000 | 00386nam a2200121Ia 4500 | ||
|---|---|---|---|
| 008 | 170221s9999 xx 000 0 und d | ||
| 100 | _aC. Victor Herbin III | ||
| 245 | _aGroup Formation in a Cross-Cultural Environment | ||
| 245 | _cC. Victor Herbin III | ||
| 260 | _c2013 | ||
| 650 | _xBusiness | ||
| 856 | _uhttp://www.regent.edu/acad/global/publications/elj/vol8iss1/4ELJ-Herbin.pdf | ||
| 999 |
_c309551 _d309551 |
||